| 000 | 00575nam a22001937a 4500 | ||
|---|---|---|---|
| 999 |
_c197503 _d197503 |
||
| 005 | 20230824111447.0 | ||
| 010 | _aENG-135856 | ||
| 020 |
_a9789394107168 _c495.00 |
||
| 035 | _aEN-119388 | ||
| 037 | _bDBAD/PUB | ||
| 082 | _a516.3 | ||
| 100 | _aSengupta,Debasish | ||
| 245 |
_aAdvanced Geometry and Vector / _cby Debasish Sengupta |
||
| 260 |
_aKolkata _bBooks & Allied _c2023 |
||
| 270 |
_aNo.1-E(1), Shubham Plaza, 83/1, Beliaghata, _bKolkata _e700010 |
||
| 300 |
_a531p. _c24cm(pbk) |
||
| 500 | _aIncludes index | ||
| 942 |
_2ddc _cEN _mSEN _h516.3 |
||